| 000 | 00458nam a2200181Ia 4500 | ||
|---|---|---|---|
| 008 | 230524s9999 xx 000 0 und d | ||
| 020 | _a9789380026404 | ||
| 082 |
_a658.4034 _bVEE |
||
| 100 |
_aR.Veerachamy _942964 |
||
| 245 | 0 | _aOperation Research | |
| 250 | _a1 | ||
| 260 |
_aNew Delhi _bI.K.International _c2012 |
||
| 300 | _a"XVI,1239p;" | ||
| 500 | _aQuantity Number: 1 | ||
| 650 | _aMathematics | ||
| 700 |
_a& V.Ravi Kumar _942965 |
||
| 942 | _cBK | ||
| 999 |
_c57921 _d57921 |
||